Public health business planning : a practical guide (Record no. 47115)

MARC details
000 -LEADER
fixed length control field 00976nam a2200289Ia 4500
008 - FIXED-LENGTH DATA ELEMENTS--GENERAL INFORMATION
fixed length control field 191130s2009##################000#0#eng##
020 ## - INTERNATIONAL STANDARD BOOK NUMBER
International Standard Book Number 9780763746216
022 ## - INTERNATIONAL STANDARD SERIAL NUMBER
International Standard Serial Number 2007050235
040 ## - CATALOGING SOURCE
Original cataloging agency ACL
Transcribing agency ACL
082 ## - DEWEY DECIMAL CLASSIFICATION NUMBER
Classification number 362.1068 ORT
100 ## - MAIN ENTRY--PERSONAL NAME
Personal name Orton, Stephen Noyes
245 ## - TITLE STATEMENT
Title Public health business planning : a practical guide
Statement of responsibility, etc. Stephen N. Orton, Anne J. Menkens, Pamela Santos
260 ## - PUBLICATION, DISTRIBUTION, ETC.
Place of publication, distribution, etc. Boston, MA
Name of publisher, distributor, etc. Jones and Bartlett Publishers
Date of publication, distribution, etc. c2009
300 ## - PHYSICAL DESCRIPTION
Extent 362.1068p. ;23 cm
500 ## - GENERAL NOTE
General note Includes bibliographical references
650 ## - SUBJECT ADDED ENTRY--TOPICAL TERM
Topical term or geographic name entry element Business planning
Topical term or geographic name entry element Community Health Planning - United States
Topical term or geographic name entry element Community health services - Planning
Topical term or geographic name entry element Health Planning
Topical term or geographic name entry element Marketing of Health Services - United States
Topical term or geographic name entry element Models, Organizational - United States
700 ## - ADDED ENTRY--PERSONAL NAME
Personal name Menkens, Anne J
Personal name Santos, Pamela
990 ## - EQUIVALENCES OR CROSS-REFERENCES [LOCAL, CANADA]
Link information for 9XX fields d01cce3eac10000c0a367a1bec5dd5ec
991 ## -
-- 364459
Holdings
Withdrawn status Lost status Materials specified (bound volume or other part) Damaged status Not for loan Home library Current library Shelving location Date acquired Total Checkouts Full call number Barcode Date last seen Price effective from Koha item type
    pbk     Anna Centenary Library Anna Centenary Library 4TH FLOOR, A WING 09.10.2020   362.1068 ORT 398614 09.10.2020 09.10.2020 English Books

Find us on the map